| 000 | 00712cam a22002531a 4500 | ||
|---|---|---|---|
| 001 | 6430 | ||
| 003 | BD-RjUL | ||
| 005 | 20211208234237.0 | ||
| 008 | 140111s1952 enkc 00| 0ceng d | ||
| 035 | _a(BD-RjUL) 6470 | ||
| 035 | _a2258078 | ||
| 040 |
_aLC _beng _cLC _dNNCU:A _dBD-RjUL |
||
| 041 | _aeng | ||
| 082 | 0 | 4 |
_a925 _bCRB 1952 |
| 100 | 1 |
_aCrowther, J. G. _q(James Gerald), _d1899- _920239 |
|
| 245 | 1 | 0 | _aBritish scientists of the twentieth century / |
| 260 |
_aLondon, _bRoutledge & K. Paul _c1952. |
||
| 300 |
_axiv, 320 p. _bports. _c22 cm. |
||
| 504 | _aIncludes bibliographies. | ||
| 650 | 0 |
_aScientists _zGreat Britain. _920240 |
|
| 942 |
_2ddc _cBK |
||
| 999 |
_c6430 _d6430 |
||